| 000 | 00726nam a22001817a 4500 | ||
|---|---|---|---|
| 005 | 20251108172904.0 | ||
| 008 | 250721s1998 xx 000 0 ara d | ||
| 082 | 1 | 4 | _a630.71/منظ |
| 245 | 1 | 0 | _aالمؤتمر القومي حول التكامل العربي في مجال تعزيز دور مؤسسات التعليم الزراعي في التنمية الزراعية المستدامة / |
| 264 | 1 |
_aالخرطوم : _bالمنظمة العربية للتنمية الزراعية، _c1998. |
|
| 300 | _a157 ص | ||
| 650 | 1 | 7 | _aالزراعة |
| 650 | 1 | 7 | _aالتعليم |
| 650 | 1 | 7 | _aالمدارس |
| 710 | 2 | _aالمنظمة العربية للتنمية الزراعية | |
| 942 |
_2ddc _cBK |
||
| 999 |
_c90995 _d90995 |
||